| 000 | 00714nam a2200241Ia 4500 | ||
|---|---|---|---|
| 008 | 180523s9999 xx 000 0 und d | ||
| 020 | _a0-415-35740-3 | ||
| 050 | _aMAIN LB 1028.3 | ||
| 050 | _b.M63 2005 | ||
| 245 | 0 | _aMobile learning : | |
| 245 | 2 | _ba handbook for educators and trainers / | |
| 245 | 0 | _cedited by Agnes Kukulska-Hulma and John Traxler. | |
| 260 | _aLondon : | ||
| 260 | _bRoutledge, | ||
| 260 | _c2005 | ||
| 300 | _a208 pages : | ||
| 300 | _billustrations ; | ||
| 300 | _c23 cm. | ||
| 500 | _aIncludes index. | ||
| 650 | _aEducation -- Effect of technological innovations on. | ||
| 650 | _aMobile communication systems in education. | ||
| 650 | _xTeaching -- Aids and devices. | ||
| 999 |
_c357313 _d357313 |
||